Piłkarze z Bundesligi w tegorocznym PNA - Statystyki

Ogólne statystyki
  • Ten quiz został rozwiązany 14 razy
  • Średni wynik to 8 z 15
Statystyki odpowiedzi
PIŁKARZ REPREZENTACJA KLUB % Poprawnych
Serhou Guirassy Gwinea VFB Stuttgart
92%
Edmond Tapsoba Burkina Faso Bayer Leverkusen
85%
Amadou Haidar Mali RB Lipsk
77%
Silas DRK VFB Stuttgart
77%
Noussair Mazraoui Maroko Bayern Monachium
69%
Ramy Bensebaini Algieria Borussia Dortmund
69%
Amine Adli Maroko Bayer Leverkusen
62%
Sébastien Haller WKS Borussia Dortmund
62%
Omar Marmoush Egipt Eintracht Frankfurt
54%
Ellyes Skhiri Tunezja Eintracht Frankfurt
46%
Odilon Kossounou WKS Bayer Leverkusen
38%
Farès Chaïbi Algieria Eintracht Frankfurt
31%
Naby Keïta Werder Brema Gwinea
23%
Diadié Samassékou TSG 1899 Hoffenheim Gwinea
15%
Aïssa Laïdouni Tunezja Union Berlin
0%
Nie znaleziono quizów pasujących do podanych kryteriów
Rozkład punktacji
Procent ludzi z każdym wynikiem
Percentyl według liczby udzielonych odpowiedzi
Twoja historia wyników
Nie rozwiązałeś tego quizu